000 00922nam a2200277 a 4500
001 000038512
003 DO-SdBNP
005 20260116073830.0
007 ta
008 130412q19uu dr gr 001 edspa d
040 _aDO-SdBNP
_bspa
_cBNPHU
082 4 _a158.1
_bA561h
_222
100 1 _aAndrés, Mateo
_97205
_qS.J.
245 1 3 _aEl hombre en busca de sí mismo :
_bmás reflexiones psicológico-espirituales hacia la autorrealización humana /
_cAndrés Mateo, S.J.
260 _aSanto Domingo :
_bMSC,
_c[199-]
300 _a251 p. ;
_c22 cm.
490 _aLuz ;
_v6
500 _aIncluye breve biografía del autor en la solapa de la cubierta
590 _aInventariado, 2018/MFF
650 0 _aAutoestima
_9212
650 4 _aTécnicas de autoayuda
_9387
650 0 _aAutorrealización (Psicología)
_9211
650 0 _aVida cristiana
_9668
910 _aValidado. Control de calidad MFF
942 _2ddc
_cLBS1
999 _c38002
_d38002